000
00317 a2200157 4500
001
174410
020
_a
040
_c
Magnum
100
_a
Blasiis, Rita de
240
1
0
_a
O auto do sapo magico
_l
por
245
1
0
_a
O auto do sapo magico
362
0
_a
1899
440
1
_a
RHJ
697
_a
IJ/TEATRO
942
_c
BK
999
_c
174410
_d
174410